000 00827nam a2200205Ia 4500
003 OSt
005 20240611121420.0
008 210210b2003 xxu||||| |||| 00| 0 eng d
040 _cAL
041 _aKannada
082 _aK894.1 BENA
100 _aBENDRE (Da Ra) Psued: Ambikatanayadatta
_9133590
_dದ.ರಾ. ಬೇಂದ್ರೆ (ಅಂಬಿಕಾತನಯದತ್ತ)
245 _aAudumbara gathe: Ambikatanayadattara samagrakavya samputa 6; Siddanta.
_bಔದುಂಬರಗಾಥೆ : ಅಂಬಿಕಾತನಯದತ್ತರ ಸಮಗ್ರಕಾವ್ಯ ಸಂಪುಟ ೬ ; ಸಿದ್ಧಾಂತ
260 _aHubballi
_bSamshodhana samsthe
_c2003
300 _a662,x
650 _aAmbikatanayadatta Vamana Bendre
_9133591
690 _aKannada Poetry
_9133592
906 _aSG04314
942 _2ddc
_cBK
999 _c114937
_d114937